书目信息 |
| 题名: |
货币战争
|
|
| 作者: | 宋鸿兵 编著 | |
| 分册: | ||
| 出版信息: | 北京 中信出版社 2007.06 |
|
| 页数: | 303页 | |
| 开本: | 23cm | |
| 丛书名: | ||
| 单 册: | ||
| 中图分类: | F831.9 | |
| 科图分类: | ||
| 主题词: | 金融 | |
| 电子资源: | ||
| ISBN: | 978-7-5086-0868-6 | |
| 000 | 00561 nam 000205 | |
| 001 | 412751 | |
| 005 | 20110509170602.03 | |
| 010 | @a978-7-5086-0868-6@dCNY38.00 | |
| 100 | @a20081210d2006 em y0chiy0121 ea | |
| 101 | @achi | |
| 105 | @ay z 000yy | |
| 200 | 10 | @a货币战争@9huo bi zhan zheng@f宋鸿兵编著@Fsong hong bing bian zhu |
| 210 | @a北京@c中信出版社@d2007.06 | |
| 215 | @a303页@d23cm | |
| 540 | @a货币战争 | |
| 606 | @a金融 | |
| 690 | @aF831.9@v4 | |
| 701 | 0 | @a宋鸿兵@9song hong bing@4编著 |
| 801 | @aCN@c20110509 | |
| 905 | @b850786-8@dF831.9@eS765@f3 | |
| 货币战争/宋鸿兵编著.-北京:中信出版社,2007.06 |
| 303页;23cm |
| ISBN 978-7-5086-0868-6:CNY38.00 |
| ● |
| 相关链接 |
|
|
|
正题名:货币战争
索取号:F831.9/S765
 
预约/预借
| 序号 | 登录号 | 条形码 | 馆藏地/架位号 | 状态 | 备注 |
| 1 | 826035 | 208260353 | 社科库409/409社科库 54排1列3层/ [索取号:F831.9/S765] | 在馆 | |
| 2 | 826036 | 208260362 | 社科库409/409社科库 54排1列3层/ [索取号:F831.9/S765] | 在馆 | |
| 3 | 850786 | 208507864 | 社科库409/ [索取号:F831.9/S765] | 在馆 | |
| 4 | 850787 | 208507873 | 社科二线422/409社科库 54排1列3层/ [索取号:F831.9/S765] | 在馆 | |
| 5 | 850788 | 208507882 | 社科库409/400A自科库 14排2列5层/ [索取号:F831.9/S765] | 在馆 |